Central Library OPAC University of Rajshahi

The origin of the state / (Record no. 70282)

MARC details
000 -LEADER
fixed length control field 00650nam a2200229 a 4500
001 - CONTROL NUMBER
control field 70282
003 - CONTROL NUMBER IDENTIFIER
rucl marc code BD-RjUL
005 - DATE AND TIME OF LATEST TRANSACTION
control field 20211209082001.0
008 - FIXED-LENGTH DATA ELEMENTS--GENERAL INFORMATION
fixed length control field 170417t19621954nyu 000 0 eng
035 ## - SYSTEM CONTROL NUMBER
System control number (BD-RjUL)70496
040 ## - CATALOGING SOURCE
Original cataloging agency DLC
Transcribing agency CarP
Modifying agency DLC
-- BD-RjUL
Language of cataloging eng
041 ## - LANGUAGE CODE
Language code of text/sound track or separate title eng
082 ## - DEWEY DECIMAL CLASSIFICATION NUMBER
Edition number 23
Classification number 301.7
Author mark and year LOO 1962
100 1# - MAIN ENTRY--PERSONAL NAME
Personal name Lowie, Robert Harry,
Dates associated with a name 1883-1957.
9 (RLIN) 208134
245 14 - TITLE STATEMENT
Title The origin of the state /
Statement of responsibility, etc. Robert Harry Lowie
260 ## - PUBLICATION, DISTRIBUTION, ETC. (IMPRINT)
Place of publication, distribution, etc. New York,
Name of publisher, distributor, etc. Russell & Russell,
Date of publication, distribution, etc. c1962
300 ## - PHYSICAL DESCRIPTION
Pagination 117 p. ;
Size 23 cm.
650 #0 - SUBJECT ADDED ENTRY--TOPICAL TERM
Topical term or geographic name as entry element Primitive societies.
9 (RLIN) 124273
Topical term or geographic name as entry element State, The
9 (RLIN) 123715
942 ## - ADDED ENTRY ELEMENTS (KOHA)
Source of classification or shelving scheme Dewey Decimal Classification
Koha item type Books
Holdings
Lost status Source of classification or shelving scheme Damaged status Not for loan Collection code Permanent Location Current Location Shelving location Date acquired Source of acquisition Cost, normal purchase price Total Checkouts Full call number Date last seen Copy number Koha item type
  Dewey Decimal Classification   Not For Loan Non-fiction Central Library, University of Rajshahi Central Library, University of Rajshahi Reading Room 27/09/1965 Zeithlinger 40.00   301.7 LOO 1962 17/04/2017 C-1 Books
  Dewey Decimal Classification     Non-fiction Central Library, University of Rajshahi Central Library, University of Rajshahi   27/09/1965 Zeithlinger 40.00   301.7 LOO 1962 23/05/2017 C-2 Books